000 00785nam a2200241 4500
001 17090
003 HDC
007 cr bn ---aaaaa
008 210222c mydr|noo 0 a may d
040 _aHDC
245 0 _a150 syarikat dijangka sertai seminar persijilan produk halal
260 _aMalaysia:
_bUtusan Malaysia,
_c2003
336 _atext
_2rdacontent
337 _acomputer
_2rdamedia
338 _aonline resource
_2rdacarrier
650 _ahalal certification
_9753
650 _ahalal product
_948
710 _aUtusan Malaysia
856 _zRequest full-text at [email protected]
942 _2lcc
942 _cNEWS
942 _kNSWO 008539
999 _c14406
_d14406